000 01626nam a2200253Ia 4500
999 _c55669
_d55669
001 22764
003 GE_BSU
005 20230519123911.0
008 181216s ||||ge |||||||||||||| ||geo||
040 _cGE_BSU
041 _ageo
080 _a821.353.1'01.09 ბ-25
100 _aბარამიძე, რევაზ
_918141
245 _aსახელმწიფოებრივი ცნობიერება და ზნეობრივი იდეალი :
_bნარკვევები ძველი ქართული ლიტერატურის ისტორიიდან, პუბლიცისტიკა (1957-2001) /
_cრევაზ ბარამიძე ; რედაქტორი როსტომ ჩეიძე.
264 _aთბილისი :
_bჩვენი მწერლობა,
_c2018.
300 _a599 გვ. :
_bპორტრ. ;
_c25 სმ.
490 _aალექსანდრე ორბელიანის საზ-ბა
541 _h15 ლ.
653 _aნარკვევები ძველი ქართული ლიტერატურის ისტორიიდან, პუბლიცისტიკა (1957-2001)
653 _aსახელმწიფოებრივი ცნობიერება და ზნეობრივი იდეალი
653 _aქართული ლიტერატურის ისტორია და კრიტიკა
700 _aჩეიძე, როსტომ
_eრედაქტორი
_918142
942 _cBK
_2udc